Politická elita meziválečného Československa. - Praha : Pražská ed.. - 1998 [Rezension]
| Titel: | Politická elita meziválečného Československa. - Praha : Pražská ed.. - 1998 [Rezension] |
|---|---|
| Verfasser: | |
| In: |
Křestanská revue, Band 65, Heft 3 (1999), Seite 84 alle Artikel anzeigen |
| Veröffentlicht: | 1999 |
| Format: | Aufsatz |
| Sprache: | Tschechisch |
X
alg: 39516673 001A $01999:12-11-16 001B $01999:09-08-21 $t17:41:45.000 001D $01999:12-11-16 001U $0utf8 001X $00 002@ $0Aox 003@ $039516673X 007A $039516673X $aHEB 007T $0Herdp28049 010@ $acze 011@ $a1999 021A $aPolitická elita meziválečného Československa. - Praha : Pražská ed.. - 1998 [Rezension] 028A $aJirásek $dJiří 031A $d65 $e3 $h84 $j1999 039B $aIn $8--Abvc--. Křestanská revue. - Praha, 1927-. - ISSN 0023-4613 $x199900000650003916 $9047477830 039T $8--Aau--. Politická elita meziválečného Československa. - Vyd. 1.. - Praha : Pražská ed., 1998. - 302 S.. - Ill.. - ISBN 80-901509-8-5 $9061212164 045F $a900.94371 $eDDC23BSB 045F/01 $a900 045F/03 $g4371 045F/03 $g4373 045T $a1 $a7,41 lok: 39516673 78 exp: 39516673 78 1 #EPN 201B/01 $026-11-17 $t04:02:42.000 201U/01 $0utf8 203@/01 $079147237X 208@/01 $a12-11-16 $be 209A/01 $a/ $f000 $x00 220C/01 $aTitelaufnehmer: rb 220C/01 $aHerkunft: Hú Av Čr Praha 244Z/01 $#Tschechien $#Tschechische Republik $#Tschechische Republik $#Tschechenland $#Tschechei Tschechien $#Česká Republika $#Czech Republic $#ČR $74303381-7 $8--Tg1--Tschechien $x01 $9086659812 244Z/01 $2Trx $#Böhmen $#Bohemia $#Czechy $8--Trx--Čechy $x02 $9391188941 244Z/01 $2Trx $#Slowakische Republik $#Szlovák Köztársaság $#Republika Słowacka $#Slovenská Republika $#Slovensko $#Slowakei $#Słowacja $#Slovensko $8--Trx--Slovenská Republika $x03 $9391345796 244Z/01 $2Trx $#arvustused $#recenzijos $#Reviews $#recenziók $#recenzje $#recenzie $#recenze $8--Trx--Rezensionen $x04 $9391357441 247C/01 $82080>Marburg/Lahn, Herder-Institut, Forschungsbibliothek, Bibliographieportal $9336309341
| LEADER | 00000caa a22000002c 4500 | ||
|---|---|---|---|
| 001 | 39516673X | ||
| 003 | DE-603 | ||
| 005 | 20210809174145.0 | ||
| 007 | tu | ||
| 008 | 161112s1999 xx |||| | u00||u|cze c | ||
| 035 | |a (DE-599)HEB39516673X | ||
| 040 | |a DE-603 |b ger |c DE-603 |d DE-603 | ||
| 041 | |a cze | ||
| 082 | 0 | 4 | |8 1\u |a 900.94371 |q DE-101 |2 23/BSB |
| 084 | |a 1 |a 7,41 |2 ssgn | ||
| 085 | |8 1\u |b 900 | ||
| 085 | |8 1\u |z 2 |s 4371 | ||
| 085 | |8 1\u |z 2 |s 4373 | ||
| 100 | 1 | |a Jirásek, Jiří | |
| 245 | 0 | 0 | |a Politická elita meziválečného Československa. - Praha : Pražská ed.. - 1998 [Rezension] |
| 264 | 0 | |c 1999 | |
| 773 | 0 | 8 | |i In |t Křestanská revue |d Praha, 1927- |x 0023-4613 |g Band 65, Heft 3 (1999), Seite 84 |w (DE-603)047477830 |w (DE-600)301508-7 |
| 787 | 0 | 8 | |i Rezension von |t Politická elita meziválečného Československa |b Vyd. 1. |d Praha : Pražská ed., 1998 |h 302 S., Ill. |z 8090150985 |w (DE-603)061212164 |
| 924 | 0 | |9 2080 |a (DE-603)79147237X |b DE-2080 |c HES |d d |g / | |


